000 00343 a2200133 4500
245 _aThey are coming
_hprint
020 _a9781779222589
650 _aliterature
005 20191021095409.0
260 _arh
_c2014
084 _aMLCS 2014/00413 (P)
300 _a146 pages
_b 21 cm
_c146 pages ; 21 cm
500 _aChristopher Mlalazi.
999 _c12189
_d12189